书目信息 |
| 题名: |
开关磁阻电机控制与动态仿真
|
|
| 作者: | 张海军 著 | |
| 分册: | ||
| 出版信息: | 北京 中国水利水电出版社 2020.01 |
|
| 页数: | 168页 | |
| 开本: | 24cm | |
| 丛书名: | ||
| 单 册: | ||
| 中图分类: | TM352 , TM3 | |
| 科图分类: | ||
| 主题词: | 开关磁阻电动机--kai guan ci zu dian dong ji--研究 , 电机 | |
| 电子资源: | ||
| ISBN: | 978-7-5170-8082-4 | |
| 000 | 01186nam0 2200265 450 | |
| 001 | 2274991666 | |
| 005 | 20220915205018.84 | |
| 010 | @a978-7-5170-8082-4@dCNY59.00 | |
| 100 | @a20191225d2020 em y0chiy50 ea | |
| 101 | 0 | @achi |
| 102 | @aCN@b110000 | |
| 105 | @aa a 000yy | |
| 200 | 1 | @a开关磁阻电机控制与动态仿真@Akai guan ci zu dian ji kong zhi yu dong tai fang zhen@f张海军著 |
| 210 | @a北京@c中国水利水电出版社@d2020.01 | |
| 215 | @a168页@c图@d24cm | |
| 300 | @a“机电汽车”湖北省优势特色学科群开放基金资助 | |
| 320 | @a有书目 (第166-168页) | |
| 330 | @a本书共分为七章。分别阐述了开关磁阻电机基本原理、控制系统及其发展概况, 详细说明了开关磁阻电机的线性、准线性和非线性数学模型, 给出了开关磁阻电机计算设计程序, 讲述了开关磁阻电机有限元分析方法, 研究了开关磁阻电机调速系统的控制策略, 详细介绍了利用Ansoft和Matlab软件建立开关磁阻电机仿真模型的步骤, 并进行了稳态性能仿真和动态性能仿真, 最后针对开关磁阻电机最新研究进展和存在问题进行了分析。 | |
| 606 | 0 | @a开关磁阻电动机@Akai guan ci zu dian dong ji@x研究 |
| 606 | 0 | @a电机 |
| 690 | @aTM352@v5 | |
| 690 | @aTM3@v4 | |
| 701 | 0 | @a张海军@Azhang hai jun@4著 |
| 801 | 0 | @aCN@b人天书店@c20191225 |
| 905 | @aZUCC@dTM3@e65 | |
| 开关磁阻电机控制与动态仿真/张海军著.-北京:中国水利水电出版社,2020.01 |
| 168页:图;24cm |
| “机电汽车”湖北省优势特色学科群开放基金资助 |
| ISBN 978-7-5170-8082-4:CNY59.00 |
| 本书共分为七章。分别阐述了开关磁阻电机基本原理、控制系统及其发展概况, 详细说明了开关磁阻电机的线性、准线性和非线性数学模型, 给出了开关磁阻电机计算设计程序, 讲述了开关磁阻电机有限元分析方法, 研究了开关磁阻电机调速系统的控制策略, 详细介绍了利用Ansoft和Matlab软件建立开关磁阻电机仿真模型的步骤, 并进行了稳态性能仿真和动态性能仿真, 最后针对开关磁阻电机最新研究进展和存在问题进行了分析。 |
| ● |
| 相关链接 |
|
|
|
正题名:开关磁阻电机控制与动态仿真
索取号:TM3/65
 
预约/预借
| 序号 | 登录号 | 条形码 | 馆藏地/架位号 | 状态 | 备注 |
| 1 | 2000892796 | 2000892796 | 第三书库/ [索取号:TM3/65] | 在馆 | |
| 2 | 2000892797 | 2000892797 | 第三书库/ [索取号:TM3/65] | 在馆 | |
| 3 | 2000892798 | 2000892798 | 第三书库/ [索取号:TM3/65] | 在馆 |